000 00643nam a22002417a 4500
003 OSt
005 20140310181948.0
008 130725t xxu||||| |||| 00| 0 eng d
050 _aPZ 7
_b.T969 1977
082 _aKF Il6t
_b1977
245 _aA Connecticut yankee in King Arthur's court /
_cMark Twain.
260 _aNew York :
_b Waldman & Son,
_cc1977.
300 _a234 p. :
_c18 cm.
521 _aFaculty.
541 _j1
541 _j2
541 _j3
541 _j4
562 _e4
650 _a Fantasy
_93293
650 _a Adventure and Advetures-
_xFiction.
_94166
942 _2lcc
_cBK-KF
_kKF
999 _c7820
_d7820